Statistics for Marvel No. 5

Click here to take the quiz!

General Stats

  • This quiz has been taken 6 times
  • The average score is 4 of 9

Answer Stats

LyricNameCharacter(s)Lyrics% Correct
A little bit ofMonicaCaptain Marvel/Photon/Spectrum (Rambeau) | Monica Chang | Monica Rappacciniin my life
100%
A little bit ofJessicaSpider-Woman (Drew) | Jessica Jones | Preview (Vale) | Moon Knight (Spector)here I am
83%
AngelaWhite Tiger (del Toro) | Golddigger (Golden) | Synario (Bradford) | Nocturne (Cairn)
67%
A little bit ofMarySun Girl (Mitchell) | Miss Patriot (Morgan) | Titania (MacPherran) | Typhoid Mary (Walker) | Karisma (Brown)all night long
50%
A little bit ofRitaYellowjacket (DeMara) | Spiral (Wayword)all I need
50%
PamelaArtemis (Pierce) | Wind Warrior (Shaw) | Sundragon (Douglas)
17%
A little bit ofSandraHightail (Santos) | Tithe (Morgan)in the sun
17%
A little bit ofEricaSpellbinder (Fortune)by my side
17%
A little bit ofTinaTina Minoruwhat I see
17%

Score Distribution

Percentile by Number Answered

Percent of People with Each Score

Your Score History

You have not taken this quiz